000 00504nam a22001937a 4500
003 OSt
008 251015b |||||||| |||| 00| 0 eng d
020 _a9789355400376
082 _a330.015195
_bD22I
100 _aDas, Rajib Kumar.
245 _aIntroductory Econometrics /
_cby Rajib Kumar Das
250 _a2nd ed.
260 _a.- Ludhiana
_b: Kalyani Publishers
_c, 2023
300 _a194p.
650 _aSocial Sciences
650 _aEconomics
650 _aEconometrics
942 _2ddc
_cBK
_01
999 _c49093
_d49093